Νίκος Νικολαϊδης ο Κύπριος : μια ζωή σαν παραμύθι
Αποθηκεύτηκε σε:
| Κύριος συγγραφέας: | |
|---|---|
| Μορφή: | Βιβλίο |
| Γλώσσα: | Greek |
| Δημοσίευση: |
Λευκωσία :
[χ.ο.],
1988.
|
| Έκδοση: | 2η έκδ. |
| Θέματα: | |
| Ετικέτες: |
Προσθήκη ετικέτας
Δεν υπάρχουν, Καταχωρήστε ετικέτα πρώτοι!
|
MARC
| LEADER | 00000cam a2200000 a 4500 | ||
|---|---|---|---|
| 001 | 1/122681 | ||
| 008 | 210216s1988####cy | ||| |||| ||gre|| | ||
| 020 | |a 996375385X | ||
| 040 | |a GR-MyUa |b gre |c GR-MyUa |e AACR2 | ||
| 041 | 0 | |a gre | |
| 082 | 7 | |a 889.92 |2 (23) | |
| 100 | 1 | |a Παλαιολόγου-Πετρώνδα, Ευγενία, |d 1911-1997. | |
| 245 | 1 | 0 | |a Νίκος Νικολαϊδης ο Κύπριος : |b μια ζωή σαν παραμύθι / |c Ευγενία Παλαιολόγου-Πετρώνδα. |
| 250 | |a 2η έκδ. | ||
| 260 | |a Λευκωσία : |b [χ.ο.], |c 1988. | ||
| 300 | |a 78 σ. ; |c 21 εκ. | ||
| 500 | |a Α΄ Βραβείο λογοτεχνίας για παιδιά και νέους του Υπουργείου Παιδείας της Κύπρου 1982. | ||
| 504 | |a Βιβλιογραφία : σ. 78. | ||
| 600 | 1 | 0 | |a Νικολαΐδης, Νίκος, |d 1884-1956. |
| 650 | 0 | |a Authors, Greek (Modern) |z Cyprus. | |
| 650 | 0 | |a Greek literature, Modern |x History and criticism. | |
| 852 | |a INST |b RHODES |e 20210216 |h 889.92 ΠΑΛ |p 005400041940 |q 005400041940 |t BK |y 0 | ||
| 970 | |z 16-02-2021 | ||